Statistics for Top 10 Werder Bremen Starting XI

Click here to take the quiz!

General Stats

  • This quiz has been taken 158 times
  • The average score is 17 of 60

Answer Stats

TeamPlayer% Correct
2009-10Claudio Pizarro
73%
2006-07Diego
70%
2004-05, 2005-06, 2006-07Miroslav Klose
70%
2001-02, 2005-06, 2006-07, 2009-10Torsten Frings
66%
2006-07, 2007-08, 2009-10Tim Wiese
65%
2005-06, 2006-07, 2007-08Naldo
63%
2001-02, 2003-04Aílton
58%
2009-10Mesut Özil
58%
2003-04, 2004-05, 2005-06Johan Micoud
57%
2003-04, 2004-05, 2005-06Ivan Klasnić
56%
2006-07, 2007-08Per Mertesacker
56%
2007-08Hugo Almeida
49%
2007-08Markus Rosenberg
45%
2004-05, 2005-06, 2006-07, 2007-08Tim Borowski
45%
2001-02, 2003-04, 2004-05, 2005-06, 2007-08Frank Baumann
44%
2006-07, 2007-08Clemens Fritz
41%
2004-05, 2007-08Petri Pasanen
38%
2003-04, 2004-05, 2005-06Andreas Reinke
36%
1990-91, 1992-93Wynton Rufer
35%
2003-04, 2004-05Valérien Ismaël
34%
2009-10Marko Marin
30%
2003-04, 2004-05Paul Stalteri
30%
2009-10Sebastian Boenisch
30%
1992-93, 1994-95Andreas Herzog
28%
1992-93, 1994-95, 2001-02Marco Bode
28%
2006-07, 2009-10Aaron Hunt
27%
1990-91, 1992-93, 1994-95Oliver Reck
26%
2001-02Frank Rost
25%
2003-04, 2004-05Fabian Ernst
24%
1992-93, 1994-95Mario Basler
23%
2001-02, 2003-04Mladen Krstajić
23%
2004-05Ludovic Magnin
22%
2003-04Ümit Davala
22%
2007-08Daniel Jensen
21%
2001-02, 2003-04Krisztián Lisztes
20%
2006-07Pierre Womé
19%
2005-06Christian Schulz
18%
1994-95Michael Schulz
18%
1990-91, 1992-93Rune Bratseth
18%
2006-07Jurica Vranješ
16%
1990-91Klaus Allofs
15%
2005-06Patrick Owomoyela
14%
2009-10Philipp Bargfrede
14%
1992-93Dieter Eilts
13%
1990-91, 1994-95Dieter Eilts
13%
2005-06Frank Fahrenhorst
10%
1994-95Hany Ramzy
10%
1990-91, 1992-93, 1994-95Miroslav Votava
9%
1994-95Frank Neubarth
8%
2001-02Frank Verlaat
8%
2001-02Razundara Tjikuzu
8%
1992-93Thorsten Legat
8%
1990-91, 1992-93, 1994-95Ulrich Borowka
8%
1992-93Dietmar Beiersdorfer
6%
2001-02Viktor Skrypnyk
5%
1994-95Vladimir Beschastnykh
5%
1990-91Gunnar Sauer
4%
1992-93, 1990-91Thomas Wolter
4%
1990-91Günter Hermann
3%
1990-91Uwe Harttgen
3%

Score Distribution

Percentile by Number Answered

Percent of People with Each Score

Your Score History

You have not taken this quiz